Životný cyklus podniku a špecifické problémy hodnotenia jeho fáz bakalárska práca

Gespeichert in:
Bibliographische Detailangaben
1. Verfasser: Bezdeda, Tomáš
Körperschaft: Fakulta podnikového manažmentu EU. Katedra podnikovohospodárska
Weitere Verfasser: Neumannová, Anna
Format: Buch
Sprache:Slowakisch
Veröffentlicht: Bratislava 2010
Tags: Tag hinzufügen
Keine Tags, Fügen Sie das erste Tag hinzu!

MARC

LEADER 00000nbm a2200000 4500
001 0133662
005 20161109111543.0
041 0 |a slo 
044 |a SK 
245 1 0 |a Životný cyklus podniku a špecifické problémy hodnotenia jeho fáz  |b bakalárska práca  |c Tomáš Bezdeda ; školiteľ: Anna Neumannová 
264 1 |a Bratislava  |c 2010 
300 |a 49 s. 
100 1 |a Bezdeda, Tomáš 
700 1 |a Neumannová, Anna 
710 2 |a Fakulta podnikového manažmentu EU. Katedra podnikovohospodárska